Adversaires de l'Allemagne en Coupe du monde - Statistiques

Statistiques générales
  • Ce quiz a été pris 106 fois
  • Le résultat moyen est 98 sur 114
Statistiques - réponses
Date Année Ville Tour Adversaire Score % Correct
20/07 1966 Birmingham Premier tour Espagne 2-1
98%
02/07 1982 Madrid Second tour Espagne 2-1
98%
21/06 1994 Chicago Premier tour Espagne 1-1
98%
07/07 2010 Durban Demi-finale Espagne 0-1
98%
31/05 1962 Santiago Premier tour Italie 0-0
98%
17/06 1970 Mexico Demi-finale Italie 4-3(ap)
98%
14/06 1978 Buenos Aires Second tour Italie 0-0
98%
11/07 1982 Madrid Finale Italie 3-1
98%
04/07 2006 Dortmund Demi-finale Italie 0-2(ap)
98%
08/07 2006 Stuttgart Petite finale Portugal 3-1
98%
16/06 2014 Salvador Premier tour Portugal 4-0
98%
08/06 1958 Malmö Premier tour Argentine 3-1
97%
16/07 1966 Birmingham Premier tour Argentine 0-0
97%
03/07 1974 Gelsenkirchen Second tour Argentine 1-1
97%
29/06 1986 Mexico Finale Argentine 2-3
97%
08/07 1990 Rome Finale Argentine 0-1
97%
30/06 2006 Berlin Quart de finale Argentine 1-1(4-2(tab))
97%
03/07 2010 Le Cap Quart de finale Argentine 0-4
97%
13/07 2014 Rio de Janeiro Finale Argentine 1-0(ap)
97%
26/06 1974 Hanovre Second tour Brésil 1-0
97%
30/06 2002 Yokohama Finale Brésil 0-2
97%
08/07 2014 Belo Horizonte Demi-finale Brésil 1-7
97%
28/06 1958 Göteborg Petite finale France 3-6
95%
08/07 1982 Séville Demi-finale France 3-3(5-4tab))
95%
25/06 1986 Guadalajara Demi-finale France 0-2
95%
04/07 2014 Rio de Janeiro Quart de finale France 0-1
95%
23/07 1966 Sheffield Quart de finale Uruguay 4-0
95%
20/06 1970 Mexico Petite finale Uruguay 0-1
95%
04/06 1986 Querétaro Premier tour Uruguay 1-1
95%
10/07 2010 Port Elizabeth Petite finale Uruguay 2-3
95%
30/07 1966 Londres Finale Angleterre 4-2(ap)
94%
14/06 1970 León Quart de finale Angleterre 3-2(ap)
94%
29/06 1982 Madrid Second tour Angleterre 0-0
94%
03/07 1990 Turin Demi-finale Angleterre 1-1(4-3(tab))
94%
27/06 2010 Bloemfontein Huitième de finale Angleterre 4-1
94%
15/06 1998 Paris Premier tour Etats-Unis 2-0
93%
21/06 2002 Ulsan Quart de finale Etats-Unis 1-0
93%
26/06 2014 Recife Premier tour Etats-Unis 0-1
93%
31/05 1934 Milan Quart de finale Suède 2-1
93%
24/06 1958 Göteborg Demi-finale Suède 1-3
93%
30/06 1974 Düsseldorf Second tour Suède 4-2
93%
24/06 2006 Munich Huitième de finale Suède 2-0
93%
23/06 2018 Sotchi Premier tour Suède 2-1
93%
06/06 1978 Córdoba Premier tour Mexique 6-0
92%
21/06 1986 Monterrey Quart de finale Mexique 0-0(4-1(tab))
92%
29/06 1998 Montpellier Huitième de finale Mexique 2-1
92%
17/06 2018 Moscou Premier tour Mexique 0-1
92%
16/06 1982 Gijón Premier tour Algérie 1-2
91%
30/06 2014 Porto Alegre Huitième de finale Algérie 2-1(ap)
91%
07/07 1974 Munich Finale Pays-Bas 2-1
91%
30/06 1974 Gelsenkirchen Second tour Pays-Bas 0-2
91%
18/06 1978 Córdoba Second tour Pays-Bas 2-2
91%
24/06 1990 Milan Huitième de finale Pays-Bas 2-1
91%
27/05 1934 Florence Huitième de finale Belgique 5-2
90%
02/07 1994 Chicago Huitième de finale Belgique 3-2
90%
04/06-09/06 1938 Paris Huitième de finale Suisse 1-1 / 2-4
90%
03/06 1962 Santiago Premier tour Suisse 2-1
90%
12/07 1966 Sheffield Premier tour Suisse 5-0
90%
27/06 1994 Dallas Premier tour Corée du Sud 3-2
88%
25/06 2002 Séoul Demi-finale Corée du Sud 1-0
88%
27/06 2018 Kazan Premier tour Corée du Sud 2-0
88%
18/06 1974 Hambourg Premier tour Australie 0-3
87%
14/06 1974 Hambourg Premier tour Australie 2-0
87%
13/06 2010 Durban Premier tour Australie 4-0
87%
05/06 2002 Kashima Premier tour Irlande 1-1
87%
07/06 1934 Naples Petite finale Autriche 3-2
86%
30/06 1954 Bâle Demi-finale Autriche 6-1
86%
21/06 1978 Córdoba Second tour Autriche 3-2
86%
25/06 1982 Gijón Premier tour Autriche 3-2
86%
06/06 1962 Santiago Premier tour Chili 2-0
86%
14/06 1974 Berlin Premier tour Chili 1-0
86%
18/06 1974 Berlin Premier tour Chili 1-1
86%
20/06 1982 Gijón Premier tour Chili 0-2
86%
19/06 1990 Milan Premier tour Colombie 1-1
84%
03/07 1974 Francfort-sur-le-Main Second tour Pologne 0-1
84%
01/06 1978 Buenos Aires Premier tour Pologne 0-0
84%
14/06 2006 Dortmund Premier tour Pologne 1-0
84%
26/07 1966 Liverpool Demi-finale URSS 2-1
84%
03/06 1970 León Premier tour Maroc 2-1
83%
17/06 1986 Monterrey Huitième de finale Maroc 0-1
83%
15/06 2002 Seogwipo Huitième de finale Paraguay 1-0
83%
20/06 1954 Bâle Premier tour Hongrie 8-3
81%
04/07 1954 Berne Finale Hongrie 2-3
81%
27/06 1954 Genève Quart de finale Yougoslavie 0-2
81%
19/06 1958 Malmö Quart de finale Yougoslavie 1-0
81%
10/06 1962 Santiago Quart de finale Yougoslavie 0-1
81%
26/06 1974 Düsseldorf Second tour Yougoslavie 0-2
81%
10/06 1990 Milan Premier tour Yougoslavie 4-1
81%
21/06 1998 Lens Premier tour Yougoslavie 2-2
81%
04/07 1998 Lyon Quart de finale Croatie 0-3
80%
10/06 1970 León Premier tour Pérou 3-1
79%
17/06 1954 Berne Premier tour Turquie 4-1
78%
23/06 1954 Zurich Premier tour Turquie 7-2
78%
07/06 1970 León Premier tour Bulgarie 5-2
77%
10/07 1994 New Jersey Quart de finale Bulgarie 1-2
77%
13/06 1986 Querétaro Premier tour Danemark 0-2
76%
18/06 2010 Port Elizabeth Premier tour Serbie 0-1
76%
03/06 1934 Rome Demi-finale Tchécoslovaquie 1-3
76%
11/06 1958 Helsingborg Premier tour Tchécoslovaquie 2-2
76%
01/07 1990 Milan Quart de finale Tchécoslovaquie 1-0
76%
08/06 1986 Querétaro Premier tour Ecosse 2-1
74%
20/06 2006 Berlin Premier tour Equateur 0-3
73%
10/06 1978 Córdoba Premier tour Tunisie 0-0
73%
23/06 2010 Johannesbourg Premier tour Ghana 0-1
72%
21/06 2014 Fortaleza Premier tour Ghana 2-2
72%
17/06 1994 Chicago Premier tour Bolivie 1-0
71%
09/06 2006 Munich Premier tour Costa Rica 4-2
71%
01/06 2002 Sapporo Premier tour Arabie saoudite 8-0
70%
11/06 2002 Fukuroi Premier tour Cameroun 2-0
70%
25/06 1998 Montpellier Premier tour Iran 2-0
67%
15/06 1958 Malmö Premier tour Irlande du Nord 2-2
58%
22/06 1974 Hambourg Premier tour Allemagne de l'Est 1-0
49%
22/06 1974 Hambourg Premier tour Allemagne de l'Ouest 1-0
43%
15/06 1990 Milan Premier tour Emirats Arabes Unis 5-1
30%
Aucun quiz correspondant
Distribution des résultats
% des personnes avec chaque résultat
Percentile par nombre de réponses
Votre historique - résultats
Vous n’avez pas pris ce quiz